Las revoluciones burguesas

Gardado en:
Detalles Bibliográficos
Autor Principal: Hobsbawm, Eric J (Author)
Formato: Libro
Idioma:Lingua castelá
Publicado: Barcelona Guadarrama 1981
Edición:8a. ed
Subjects:
Tags: Engadir etiqueta
Sen Etiquetas, Sexa o primeiro en etiquetar este rexistro!

MARC

LEADER 00000nam a2200000 a 4500
001 UCP8926
003 CL-VaPUC
005 20240624130125.0
008 000317e19810000SP |||||||||||||||||spa|d
999 |c 285786  |d 285784 
040 |c Pontificia Universidad Católica de Valparaíso 
082 0 4 |a 321.094  |b HOB  |2 21 
100 |a Hobsbawm, Eric J  |e author  |9 484887 
245 1 4 |a Las revoluciones burguesas 
250 |a 8a. ed 
260 |a Barcelona  |b Guadarrama  |c 1981 
300 |a 580 p 
583 |a last modification  |c 20000317 00:00:00  |k Rodrigo Vera 
650 0 |a Revoluciones  |2 CL-VaPUC  |9 441484  |z Europa  |y Siglos 18-19 
650 0 |a Revolución industrial  |9 324244  |z Europa  |y Siglo 19 
650 0 |a Movimientos sociales  |9 309422  |z Europa  |y Siglo 19 
650 7 |a Nacionalismo  |2 CL-VaPUC  |9 439200  |y Siglo 18-19  |z Europa 
651 |a Francia  |x Historia  |y Revolución, 1789-1799  |9 889713 
942 |c BK  |2 ddc 
945 |d 20000317 00:00:00  |a crobeson 
952 |0 0  |1 0  |2 ddc  |4 0  |6 321_094000000000000_HOB_1981  |7 1  |8 R  |9 330568  |a BIBHIS  |b BIBHIS  |d 2019-11-20  |i 1391739  |o 321.094 HOB 1981  |p 1391739  |r 2024-01-30  |w 2019-11-20  |y BK_R  |k HIS